Statistics for Second biggest cities/towns in these North American countries

Click here to take the quiz!

General Stats

  • This quiz has been taken 25 times
    (19 since last reset)
  • The average score is 2 of 10

Answer Stats

HintAnswer% Correct
Canada1.7mMontreal
100%
USA3.7mLos Angeles
89%
The Bahamas47kFreeport
17%
Mexico1.6mEcatepec
11%
Honduras638kSan Pedro Sula
11%
Costa Rico55kPuerto Limón
6%
Belize17kSan Ignacio
6%
Jamaica182kPortmore
0%
Trinidad and Tobago82kSan Fernando
0%
El Salvador245kSanta Ana
0%

Score Distribution

Percentile by Number Answered

Percent of People with Each Score

Your Score History

You have not taken this quiz since the last reset